Normal view
MARC view
- THE CHARITABLE CRESCENT AND POLITICS OF AID IN THE MUSLIM WORLD
Entry Topical Term
001 - CONTROL NUMBER
- control field: 73396
003 - CONTROL NUMBER IDENTIFIER
- control field: NUST
005 - DATE AND TIME OF LATEST TRANSACTION
- control field: 20210628205019.0
008 - FIXED-LENGTH DATA ELEMENTS
- fixed length control field: 210628|| aca||aabn | a|a d
040 ## - CATALOGING SOURCE
- Original cataloging agency: NUST
- Transcribing agency: NUST
150 ## - HEADING--TOPICAL TERM
- Topical term or geographic name entry element: THE CHARITABLE CRESCENT AND POLITICS OF AID IN THE MUSLIM WORLD
670 ## - SOURCE DATA FOUND
- Source citation: Work cat.: (NUST): Benthall, Jonathan, Bellion-Jourdan, Jerome 73395, The Charitable Crescent, Politics Of Aid In The Muslim World, 2003
